000 00603nam a2200193Ia 4500
005 20250508163239.0
008 008 250505s9999 xx 000 0 eng d
037 _aDissertations
040 _aFEDL
_beng
_cFEDL
041 _aeng
_2eng
084 _a155.5, PAN/DI
_qFEDL
100 _aPant Manju
_9774981
245 0 _aAdolescents' perception of their home environment as related to familial, scholaritic and societal factors
260 _c1985
300 _a65p.
546 _aM. Ed. Dissertation (Kumaon University)
942 _cDIS
_h155.5, PAN/DI
999 _c1381753
_d1381753